000 00515nam a2200145Ia 4500
008 100204s9999 xx 000 0 und d
082 _b4566
100 _aनाथ माधव
245 _aहेमचंद्र्र रोहिणी
260 _b"नवभारत प्रकाशन संस्था, दादर"
_c1978 5
300 _a91
630 _aहेमचंद्र्र रोहिणी
730 _aहेमचंद्र्र रोहिणी
942 _cBOOK
999 _c449291
_d449288